[Event "Guarapari op"]
[Site "Guarapari"]
[Date "2017.09.09"]
[Round "5"]
[White "Goncalves Pereira, Antonio Henrique"]
[Black "Ricieri, Vinicius De Andrade"]
[Result "0-1"]
[WhiteElo "1800"]
[BlackElo "1733"]
[PlyCount "48"]
[EventDate "2017.09.07"]
[EventType "swiss"]
[EventRounds "6"]
[EventCountry "BRA"]
[SourceTitle "CBM 180 Extra"]
[Source "ChessBase"]
[SourceDate "2017.10.06"]
[SourceVersion "1"]
[SourceVersionDate "2017.10.06"]
[SourceQuality "1"]

1. e4 c5 2. Nf3 g6 3. Nc3 Bg7 4. d4 cxd4 5. Nxd4 Nc6 6. Be3 Nf6 7. Bb5 0-0 8. Bxc6 bxc6 9. 0-0 Bb7 10. Nf3 d5 11. e5 Nd7 12. Qd2 Nxe5 13. Nxe5 Bxe5 14. Bh6 Bg7 15. Bxg7 Kxg7 16. Rfe1 e6 17. Ne2 c5 18. Qc3+ Qf6 19. Qxc5 Rac8 20. Qb5 Bc6 21. Qd3 Qxb2 22. Nd4 Rb8 23. c3 Be8 24. Rec1 Qb6 0-1

[Event "Guarapari op"]
[Site "Guarapari"]
[Date "2017.09.08"]
[Round "2"]
[White "Santos, Ary Barbosa"]
[Black "Goncalves Pereira, Antonio Henrique"]
[Result "1-0"]
[WhiteElo "1733"]
[BlackElo "1800"]
[PlyCount "109"]
[EventDate "2017.09.07"]
[EventType "swiss"]
[EventRounds "6"]
[EventCountry "BRA"]
[SourceTitle "CBM 180 Extra"]
[Source "ChessBase"]
[SourceDate "2017.10.06"]
[SourceVersion "1"]
[SourceVersionDate "2017.10.06"]
[SourceQuality "1"]

1. Nf3 Nc6 2. c4 Nf6 3. g3 e5 4. d3 h6 5. a3 d5 6. cxd5 Nxd5 7. Bg2 Nf6 8. 0-0 Bd6 9. Nc3 Bg4 10. h3 Bxf3 11. Bxf3 Qd7 12. Kh2 0-0 13. Nb5 a6 14. Nxd6 Qxd6 15. Qb3 Nd4 16. Qxb7 c6 17. Qb4 Qxb4 18. axb4 Nxf3+ 19. exf3 Rfd8 20. Rd1 Rd4 21. Be3 Rxb4 22. Rd2 Nd5 23. Bc5 Rb5 24. d4 exd4 25. Bxd4 c5 26. Be5 c4 27. f4 f6 28. Bd6 c3 29. bxc3 Nxc3 30. Bc7 Nd5 31. Bd6 a5 32. Rd4 Rd8 33. Bc7 Ra8 34. Bd6 Kf7 35. f5 Ke8 36. g4 Rd8 37. Bg3 Nc3 38. Rc4 Ne2 39. Re4+ Kf7 40. Rxe2 Rd4 41. Rea2 Rdd5 42. Bc7 a4 43. Rxa4 Rd2 44. R4a2 Rd7 45. Bg3 Ke8 46. Ra8+ Rd8 47. Rxd8+ Kxd8 48. Ra7 Kc8 49. Rxg7 Rb7 50. Rg6 Kd7 51. Rxh6 Ke7 52. Rh7+ Ke8 53. Rxb7 Kd8 54. h4 Kc8 55. Rh7 1-0